000 00825nmc a2200289 a 4500
003 AR-BaBNM
005 20251128203905.0
008 136019s1985 ||||||||||||||000 | spa||
020 _a950-503-010-1
040 _cAR-BaBNM
100 1 _aAvolio de Cols, Susana
245 1 0 _aPlaneamiento del proceso de enseñanza-aprendizaje
250 _a1ª ed.
260 _aBuenos Aires
_bMarymar
_c1985
300 _a225 p.
490 0 _aEl maestro en su acción cotidiana
504 _aContiene bibliografía al finalizar cada capítulo
650 4 _aDIDACTICA
650 4 _aPLANIFICACION DEL PROGRAMA
650 4 _aPLANES DE CLASE
650 4 _aPLAN DE ESTUDIOS DE PRIMARIA
650 4 _aOBJETIVOS COGNOSCITIVOS
650 4 _aOBJETIVOS DEL CURSO
650 4 _aOBJETIVOS AFECTIVOS
942 _cBK
998 _cSILVI
999 _c5357
_d5357